Odbyt v modeli podniku - analýza odbytovej stratégie

Modely odbytu - dôležitý nástroj podporujúci racionálne rozhodovanie firiem pri ich marketingových analýzach. Formulácia problému. Model monopolu v podmienkach atomizovaného trhu. Model oligopolu v podmienkach dokonalej konkurencie.

Na minha lista:
Detalhes bibliográficos
Autor principal: Fendeková, Eleonora, 1952-
Formato: Capítulo de Livro
Idioma:eslovaco
Assuntos:
Tags: Adicionar Tag
Sem tags, seja o primeiro a adicionar uma tag!

MARC

LEADER 00000naa a2200000 4500
001 r017516
005 20240502071327.2
041 0 |a slo 
044 |a SK 
245 1 0 |a Odbyt v modeli podniku - analýza odbytovej stratégie  |c Eleonóra Fendeková 
520 |a Modely odbytu - dôležitý nástroj podporujúci racionálne rozhodovanie firiem pri ich marketingových analýzach. Formulácia problému. Model monopolu v podmienkach atomizovaného trhu. Model oligopolu v podmienkach dokonalej konkurencie. 
610 2 0 |a odbyt 
610 2 0 |a hospodárstvo odbytové 
610 2 0 |a modely 
610 2 0 |a monopoly 
610 2 0 |a dopyt 
610 2 0 |a ceny 
610 2 0 |a tržby 
610 2 0 |a náklady 
610 2 0 |a zisk 
610 2 0 |a oligopoly 
610 2 0 |a konkurencia 
100 1 |a Fendeková, Eleonora, 1952-